Australian Basketball Logos (NBL) - Statistics

General Stats
  • This quiz has been taken 325 times
  • The average score is 8 of 10
Answer Stats
Picture Answer % Correct
Sydney Kings
96%
Illawarra Hawks
89%
Perth Wildcats
87%
Melbourne United
82%
Brisbane Bullets
79%
Cairns Taipans
77%
South East Melbourne Phoenix
73%
Tasmania JackJumpers
71%
Adelaide 36ers
69%
New Zealand Breakers
68%
No matching quizzes found
Score Distribution
Percent of People with Each Score
Percentile by Number Answered
Your Score History
You have not taken this quiz